Periodic Table Elements Starting With H - Statistics

General Stats
  • This quiz has been taken 43 times
  • The average score is 8 of 10
Answer Stats
Answer % Correct
H
100%
He
97%
Hydrogen
97%
Helium
94%
Hf
83%
Ho
83%
Hafnium
80%
Hs
74%
Holmium
63%
Hassium
57%
No matching quizzes found
Score Distribution
Percent of People with Each Score
Percentile by Number Answered
Your Score History
You have not taken this quiz